000 00246nam a2200097Ia 4500
001 653763
005 20250826154504.0
008 250824s9999 xx 000 0 und d
245 0 _aBAYKUŞ YEMİNİ
_cYEŞİM ARMUTAK
260 _bGÜNIŞIĞI YAYINLARI
999 _c653763
_d653763